000 00340nam a2200133Ia 4500
008 230917s9999||||xx |||||||||||||| ||und||
040 _e93198
_aMAIN
041 _aEnglish
082 _a677 N153S
100 _aNanda, Biswajit
245 0 _aSingle stage preparatory process using non-carcinogenic solvents
300 _a48 p.
942 _cTH
999 _c86458
_d86458